00000000nam##2200000za#4500
0019.531041
003CaOODSP
00520200331230506
007ta
008150406|1998||||xxc|||||     f|0| 0 fre|d
020 |a0-660-60686-0
040 |aCaOODSP|bfre
041 |aeng
041 |afre
043 |an-cn---
0861 |aBT31-4/20-1998
1101 |aCanada. |bConseil du trésor.
24510|aTribunal canadien des relations professionnelles artistes-producteurs
260 |aOttawa - Ontario : |bSecrétariat du Conseil du Trésor du Canada |c1998.
300 |aTexte français, 18p. : |btableaux ; |c28 cm.
4901 |aRapport sur le rendement pour la période se terminant le 31 mars 1998
546 |aBilingue
563 |aCouverture souple
590 |a98-45|b1998-11-06
7760#|tCanadian Artists and Producers Professional Relations Tribunal, performance report for the period ending March 31, 1998 |w(CaOODSP)9.568761
7760#|tTribunal canadien des relations professionnelles artistes-producteurs, rapport sur le rendement pour la période se terminant le 31 mars 1998 |w(CaOODSP)9.600027
791 |tCanadian Artists and Producers Professional Relations Tribunal|eeng|w(CaOODSP)9.531040
830#0|aRapport sur le rendement pour la période se terminant le 31 mars 1998.|w(CaOODSP)9.508975